ბათუმის შოთა რუსთაველის სახელმწიფო უნივერსიტეტის ბიბლიოთეკა

Clinical manual of couples and family therapy / (ბიბ.ჩანაწერი № 59809)

000 -LEADER
fixed length control field 00769cam a22002174a 4500
001 - CONTROL NUMBER
control field 15882910
005 - DATE AND TIME OF LATEST TRANSACTION
control field 20230421141445.0
007 - PHYSICAL DESCRIPTION FIXED FIELD--GENERAL INFORMATION
fixed length control field co ugu||||||||
008 - FIXED-LENGTH DATA ELEMENTS--GENERAL INFORMATION
fixed length control field 090824s2010 dcu b 001 0 eng
020 ## - INTERNATIONAL STANDARD BOOK NUMBER
International Standard Book Number 9781585622900x
041 ## - LANGUAGE CODE
Language code of text/sound track or separate title eng
080 ## - UNIVERSAL DECIMAL CLASSIFICATION NUMBER
Universal Decimal Classification number 616.891+159.954 K-30
100 1# - MAIN ENTRY--PERSONAL NAME
Personal name Keitner, Gabor I.
Dates associated with a name
9 (RLIN) 17724
245 10 - TITLE STATEMENT
Title Clinical manual of couples and family therapy /
Statement of responsibility, etc. by Gabor I. Keitner, Alison M. Heru, Ira D. Glick.
264 ## - PRODUCTION, PUBLICATION, DISTRIBUTION, MANUFACTURE, AND COPYRIGHT NOTICE
Place of production, publication, distribution, manufacture Washington, DC :
Name of producer, publisher, distributor, manufacturer American Psychiatric Pub.,
Date of production, publication, distribution, manufacture, or copyright notice 2010.
300 ## - PHYSICAL DESCRIPTION
Extent 322 p. ;
Dimensions 21 cm. +
Accompanying material 1 DVD (4 3/4 in.)
653 ## - INDEX TERM--UNCONTROLLED
keyword კლინიკური თერაპია
700 1# - ADDED ENTRY--PERSONAL NAME
Personal name Heru, Alison M.,
Dates associated with a name
Relator term ავტორი
9 (RLIN) 17725
700 1# - ADDED ENTRY--PERSONAL NAME
Personal name Glick, Ira D.,
Dates associated with a name
Relator term ავტორი
9 (RLIN) 17726
942 ## - ADDED ENTRY ELEMENTS (KOHA)
Source of classification or shelving scheme
Koha item type წიგნი
ეგზემპლარები
Withdrawn status Lost status Source of classification or shelving scheme Damaged status Not for loan Permanent Location Current Location Shelving location Date acquired Cost, normal purchase price Full call number Barcode Date last seen Copy number Price effective from Koha item type Public note
          ბათუმის შოთა რუსთაველის სახელმწიფო უნივერსიტეტის მთავარი ბიბლიოთეკა ბათუმის შოთა რუსთაველის სახელმწიფო უნივერსიტეტის მთავარი ბიბლიოთეკა წიგნსაცავი 2023-04-21 272.00 616.891+159.954 K-30 29395 2023-04-21 29395 2023-04-21 წიგნი 272 ლ.